Riconosci il Pokémon - Quiz n°993 - Statistics

Statistiche generali
  • Questo quiz è stato fatto 1 volte
  • Il punteggio medio è 1 su 10
Statistiche sulle risposte
Indizio Risposta % Corretto
Generazione Sesta
100%
Altezza 0,3 m
0%
Peso 1,7 kg
0%
Tasso di cattura 255 (43.9%)
0%
Sesso 50% ♂, 50% ♀
0%
Pokémon Fletchling
0%
Stadio evoluzione Forma Base
0%
Tasso di allevamento Medio-Lento
0%
Tipo Normale / Volanta
0%
Abilità Pettinfuori; Aliraffica
0%
Nessun quiz corrispondente trovato
Distribuzione punteggi
Percentuale di utenti per punteggio
Percentile per numero di risposta
I tuoi punteggi nel tempo
Non hai fatto questo quiz